Silver Economy in European Union – Opportunity or Threat

Demografický vývoj v Európe sa v súčasnosti považuje za jednu z jej najväčších hrozieb, a to nielen z hľadiska takzvaného zániku kontinentu, ale najmä v kontexte hospodárskej situácie. Strieborná ekonomika ponúkajúca na jednej strane potenciál príležitostí, na druhej strane ohrozuje ekonomiky európs...

Ausführliche Beschreibung

Gespeichert in:
Bibliographische Detailangaben
1. Verfasser: Harakaľová, Ľubica, 1963-
Format: Buchkapitel
Sprache:Englisch
Schlagworte:
Tags: Tag hinzufügen
Keine Tags, Fügen Sie das erste Tag hinzu!

MARC

LEADER 00000naa$a2200000$$$4500
001 0270685
005 20240502083815.5
041 0 |a eng 
044 |a CZ 
245 1 0 |a Silver Economy in European Union – Opportunity or Threat 
520 |a Demografický vývoj v Európe sa v súčasnosti považuje za jednu z jej najväčších hrozieb, a to nielen z hľadiska takzvaného zániku kontinentu, ale najmä v kontexte hospodárskej situácie. Strieborná ekonomika ponúkajúca na jednej strane potenciál príležitostí, na druhej strane ohrozuje ekonomiky európskych štátov. Demografický vývoj v Európe alebo v Európskej únii zodpovedajúci kontextu problematiky striebornej ekonomiky, pojem strieborná ekonomika a ďalšie súvisiace pojmy použité v príslušných dokumentoch EÚ. Príležitosti a riziká demografického vývoja v EÚ analyzovaním rôznych faktorov ovplyvňujúcich vývoj striebornej ekonomiky. 
610 2 0 |a demografia 
610 2 0 |a spotreba súkromná 
610 2 0 |a výdavky verejné 
610 2 0 |a ekonomika strieborná 
100 1 |a Harakaľová, Ľubica, 1963-